[Event "blitmenteam"]
[Site "?"]
[Date "2016.10.07"]
[Round "4.18"]
[White "Zakhartsov, Vladimir"]
[Black "Musalov, Ruslan"]
[Result "1/2-1/2"]
[LiveChessVersion "1.4.4"]
[BlackElo "2359"]
[WhiteElo "2527"]

1. e4 {[%clk 0:03:03]} e5 {[%clk 0:03:03]} 2. Nf3 {[%clk 0:03:04]} Nc6
{[%clk 0:03:03]} 3. Bb5 {[%clk 0:03:05]} Nf6 {[%clk 0:03:04]} 4. O-O
{[%clk 0:02:59]} Nxe4 {[%clk 0:03:05]} 5. d4 {[%clk 0:02:55]} Nd6
{[%clk 0:03:06]} 6. Bxc6 {[%clk 0:02:54]} dxc6 {[%clk 0:03:06]} 7. dxe5
{[%clk 0:02:55]} Nf5 {[%clk 0:03:07]} 8. Qxd8+ {[%clk 0:02:55]} Kxd8
{[%clk 0:03:07]} 9. Nc3 {[%clk 0:02:51]} h6 {[%clk 0:03:09]} 10. Rd1+
{[%clk 0:02:44]} Ke8 {[%clk 0:03:07]} 11. h3 {[%clk 0:02:38]} Bd7
{[%clk 0:03:01]} 12. g4 {[%clk 0:02:32]} Ne7 {[%clk 0:03:01]} 13. Kg2
{[%clk 0:02:31]} Rd8 {[%clk 0:02:52]} 14. Be3 {[%clk 0:02:22]} b6
{[%clk 0:02:49]} 15. a4 {[%clk 0:02:20]} a5 {[%clk 0:02:43]} 16. Nd4
{[%clk 0:02:20]} h5 {[%clk 0:02:31]} 17. Kg3 {[%clk 0:02:10]} Ng6
{[%clk 0:01:45]} 18. f4 {[%clk 0:02:10]} Be7 {[%clk 0:01:40]} 19. Nf3
{[%clk 0:02:06]} f6 {[%clk 0:01:11]} 20. e6 {[%clk 0:02:01]} Bc8 {[%clk 0:00:56]}
21. f5 {[%clk 0:02:01]} Bd6+ {[%clk 0:00:28]} 22. Rxd6 Rxd6 {[%clk 0:00:29]} 23.
fxg6 {[%clk 0:01:47]} hxg4 {[%clk 0:00:21]} 24. hxg4 {[%clk 0:01:44]} Bxe6
{[%clk 0:00:22]} 25. Bf4 {[%clk 0:01:35]} Rd7 {[%clk 0:00:19]} 26. Re1
{[%clk 0:01:32]} Ke7 {[%clk 0:00:15]} 27. Nh4 {[%clk 0:01:17]} Re8
{[%clk 0:00:14]} 28. Nf5+ {[%clk 0:00:57]} Kf8 {[%clk 0:00:16]} 29. Re3
{[%clk 0:00:28]} Bxf5 {[%clk 0:00:07]} 30. gxf5 {[%clk 0:00:21]} Rxe3+
{[%clk 0:00:08]} 31. Bxe3 {[%clk 0:00:22]} Re7 {[%clk 0:00:06]} 32. Kf4
{[%clk 0:00:19]} Re5 {[%clk 0:00:06]} 33. Ne2 {[%clk 0:00:15]} c5
{[%clk 0:00:03]} 34. Nc3 {[%clk 0:00:10]} Ke7 {[%clk 0:00:04]} 35. Nb5
{[%clk 0:00:05]} Kd7 {[%clk 0:00:06]} 36. Nc3 {[%clk 0:00:06]} Ke7
{[%clk 0:00:07]} 37. Ne4 {[%clk 0:00:05]} Rd5 {[%clk 0:00:09]} 38. Ng3
{[%clk 0:00:05]} Rd1 {[%clk 0:00:09]} 39. Kf3 {[%clk 0:00:05]} Ra1
{[%clk 0:00:10]} 40. b3 {[%clk 0:00:06]} Ra2 {[%clk 0:00:11]} 41. Nh5
{[%clk 0:00:05]} Kf8 {[%clk 0:00:13]} 42. c4 {[%clk 0:00:04]} Rb2
{[%clk 0:00:14]} 43. Bf4 {[%clk 0:00:05]} Rxb3+ {[%clk 0:00:15]} 44. Ke4
{[%clk 0:00:06]} Rb4 {[%clk 0:00:16]} 45. Kd5 {[%clk 0:00:06]} Rxa4
{[%clk 0:00:17]} 46. Bxc7 {[%clk 0:00:07]} Rb4 {[%clk 0:00:18]} 47. Bd6+
{[%clk 0:00:05]} Kg8 {[%clk 0:00:20]} 48. Be7 {[%clk 0:00:04]} a4
{[%clk 0:00:21]} 49. Nxf6+ {[%clk 0:00:04]} gxf6 {[%clk 0:00:22]} 50. Bxf6
{[%clk 0:00:06]} Rb1 {[%clk 0:00:23]} 51. Be5 {[%clk 0:00:06]} a3 52. f6 Rf1
{[%clk 0:00:22]} 53. f7+ {[%clk 0:00:09]} Rxf7 {[%clk 0:00:22]} 54. gxf7+
{[%clk 0:00:10]} Kxf7 {[%clk 0:00:24]} 55. Kc6 Ke6 56. Bc3 {[%clk 0:00:12]} Kf5
{[%clk 0:00:23]} 57. Kxb6 {[%clk 0:00:13]} Ke4 {[%clk 0:00:25]} 58. Kxc5
{[%clk 0:00:13]} Kd3 {[%clk 0:00:26]} 59. Bh8 {[%clk 0:00:14]} 1/2-1/2

[Event "blitmenteam"]
[Site "?"]
[Date "2016.10.07"]
[Round "4.19"]
[White "Nazaretyan, Tigran"]
[Black "Kovalev, Egor"]
[Result "1-0"]
[LiveChessVersion "1.4.4"]
[BlackElo "2228"]
[WhiteElo "2359"]

1. d4 {[%clk 0:03:03]} Nf6 {[%clk 0:03:02]} 2. c4 {[%clk 0:03:05]} g6
{[%clk 0:03:04]} 3. Nc3 {[%clk 0:03:04]} d5 {[%clk 0:03:05]} 4. Nf3
{[%clk 0:03:05]} Bg7 {[%clk 0:03:06]} 5. Bg5 {[%clk 0:03:06]} Ne4
{[%clk 0:03:06]} 6. Bh4 {[%clk 0:03:07]} Nxc3 7. bxc3 {[%clk 0:03:09]} O-O
{[%clk 0:03:05]} 8. cxd5 {[%clk 0:03:08]} Qxd5 {[%clk 0:03:06]} 9. Bxe7
{[%clk 4:04:54]} Re8 {[%clk 0:03:06]} 10. Bh4 {[%clk 0:02:57]} c5
{[%clk 0:03:06]} 11. e3 {[%clk 0:02:59]} Nc6 {[%clk 0:03:04]} 12. Be2
{[%clk 0:03:00]} Bf5 {[%clk 0:02:53]} 13. O-O {[%clk 0:02:57]} a6
{[%clk 0:02:52]} 14. a4 {[%clk 0:02:56]} Rac8 {[%clk 0:02:40]} 15. a5
{[%clk 0:02:50]} cxd4 {[%clk 0:02:40]} 16. Nxd4 {[%clk 0:02:38]} Nxa5
{[%clk 0:02:29]} 17. Nxf5 {[%clk 0:02:35]} Qxf5 {[%clk 0:02:28]} 18. Bg4
{[%clk 0:02:35]} Qc5 {[%clk 0:02:13]} 19. Bxc8 {[%clk 0:02:31]} Rxc8
{[%clk 0:02:14]} 20. Rc1 {[%clk 0:02:19]} b5 {[%clk 0:02:15]} 21. Qd7
{[%clk 0:02:16]} Nb3 {[%clk 0:02:06]} 22. Rc2 {[%clk 0:01:44]} a5
{[%clk 0:01:48]} 23. Be7 {[%clk 0:01:36]} Qc7 {[%clk 0:01:47]} 24. Qxb5
{[%clk 0:01:33]} Rb8 {[%clk 0:01:41]} 25. Qg5 {[%clk 0:01:04]} h6
{[%clk 0:01:35]} 26. Qh4 {[%clk 0:01:05]} a4 {[%clk 0:00:41]} 27. Qxa4
{[%clk 0:00:48]} Qxe7 {[%clk 0:00:41]} 28. Rb2 {[%clk 0:00:49]} Qe6
{[%clk 0:00:23]} 29. Rfb1 {[%clk 0:00:44]} Bxc3 {[%clk 0:00:20]} 30. Rxb3
{[%clk 0:00:44]} Rc8 {[%clk 0:00:19]} 31. Rc1 {[%clk 0:00:37]} Bf6
{[%clk 0:00:15]} 32. Rxc8+ {[%clk 0:00:27]} Qxc8 {[%clk 0:00:16]} 33. Rb1
{[%clk 0:00:29]} Kg7 {[%clk 0:00:17]} 34. Rd1 {[%clk 0:00:30]} Be5
{[%clk 0:00:13]} 35. g3 {[%clk 0:00:27]} Qh3 {[%clk 0:00:12]} 36. Qb5
{[%clk 0:00:22]} Bf6 {[%clk 0:00:10]} 37. Rd7 {[%clk 0:00:18]} Qf5
{[%clk 0:00:04]} 38. Qxf5 gxf5 {[%clk 0:00:05]} 39. f4 {[%clk 0:00:13]} Kg6
{[%clk 0:00:06]} 40. Kf2 {[%clk 0:00:14]} Bc3 {[%clk 0:00:05]} 41. Rd6+
{[%clk 0:00:14]} f6 {[%clk 0:00:04]} 42. Ke2 {[%clk 0:00:15]} Bb4
{[%clk 0:00:06]} 43. Rd7 {[%clk 0:00:14]} Bc5 {[%clk 0:00:06]} 44. Kf3
{[%clk 0:00:12]} Bb6 {[%clk 0:00:07]} 45. e4 {[%clk 0:00:11]} fxe4+
{[%clk 0:00:08]} 46. Kxe4 {[%clk 0:00:12]} Bg1 {[%clk 0:00:09]} 47. h3
{[%clk 0:00:13]} Bf2 {[%clk 0:00:10]} 48. g4 {[%clk 0:00:14]} h5 {[%clk 0:00:09]}
49. Kf3 {[%clk 0:00:13]} Bc5 {[%clk 0:00:09]} 50. f5+ {[%clk 0:00:12]} Kh6
{[%clk 0:00:08]} 51. Rf7 {[%clk 0:00:11]} Bd4 {[%clk 0:00:09]} 52. Ke4
{[%clk 0:00:08]} Bb2 {[%clk 0:00:09]} 53. Kd5 {[%clk 0:00:09]} hxg4
{[%clk 0:00:09]} 54. hxg4 {[%clk 0:00:11]} Kg5 {[%clk 0:00:08]} 55. Rg7+
{[%clk 0:00:12]} Kf4 {[%clk 0:00:09]} 56. Ke6 {[%clk 0:00:13]} Bc3
{[%clk 0:00:09]} 57. Rg6 {[%clk 0:00:15]} Bb2 {[%clk 0:00:10]} 58. Rxf6
{[%clk 0:00:16]} Kxg4 {[%clk 0:00:11]} 59. Rg6+ {[%clk 0:00:17]} Kh5
{[%clk 0:00:13]} 60. Rg1 {[%clk 0:00:17]} Bd4 {[%clk 0:00:12]} 61. Rg2
{[%clk 0:00:17]} Kh6 {[%clk 0:00:10]} 62. f6 {[%clk 0:00:17]} Bc5
{[%clk 0:00:10]} 63. f7 {[%clk 0:00:17]} Kh7 {[%clk 0:00:11]} 64. Rg8
{[%clk 0:00:17]} 1-0

[Event "blitmenteam"]
[Site "?"]
[Date "2016.10.07"]
[Round "4.20"]
[White "Babikov, Ivan"]
[Black "Tenikashvili, Georgij"]
[Result "0-1"]
[LiveChessVersion "1.4.4"]
[BlackElo "2230"]
[WhiteElo "2189"]

1. e4 {[%clk 0:03:03]} c6 {[%clk 0:03:03]} 2. d4 {[%clk 0:03:04]} d5
{[%clk 0:03:04]} 3. exd5 {[%clk 0:03:05]} cxd5 {[%clk 0:03:05]} 4. c4
{[%clk 0:03:06]} Nf6 {[%clk 0:03:06]} 5. Nc3 {[%clk 0:03:07]} Nc6
{[%clk 0:03:07]} 6. Bg5 {[%clk 0:03:08]} Be6 {[%clk 0:03:07]} 7. Be2
{[%clk 0:03:07]} Qa5 {[%clk 0:02:40]} 8. c5 {[%clk 0:03:02]} Ne4 {[%clk 0:02:31]}
9. Nf3 {[%clk 0:03:03]} g6 {[%clk 0:01:57]} 10. O-O {[%clk 0:02:59]} Bg7
{[%clk 0:01:58]} 11. Bd2 {[%clk 0:01:48]} Nxd2 {[%clk 0:01:54]} 12. Qxd2
{[%clk 0:01:49]} O-O {[%clk 0:01:45]} 13. a3 {[%clk 0:01:50]} Qd8
{[%clk 0:01:40]} 14. b4 {[%clk 0:01:50]} Bg4 {[%clk 0:01:37]} 15. b5
{[%clk 0:01:44]} Na5 {[%clk 0:01:11]} 16. Ne5 {[%clk 0:01:35]} Bxe2
{[%clk 0:01:11]} 17. Qxe2 {[%clk 0:01:33]} e6 {[%clk 0:01:08]} 18. Rab1
{[%clk 0:01:27]} Rc8 {[%clk 0:00:54]} 19. Rfc1 {[%clk 0:01:27]} Qh4 20. Rd1
{[%clk 0:01:08]} Bxe5 {[%clk 0:00:54]} 21. Qxe5 {[%clk 0:01:08]} Nc4
{[%clk 0:00:54]} 22. Qe2 {[%clk 0:01:01]} Rfd8 {[%clk 0:00:36]} 23. a4
{[%clk 0:01:01]} Na5 {[%clk 0:00:29]} 24. Rd3 {[%clk 0:01:01]} Rd7
{[%clk 0:00:24]} 25. Qd2 {[%clk 0:00:53]} Nc4 {[%clk 0:00:25]} 26. Qc1
{[%clk 0:00:53]} Qf6 {[%clk 0:00:15]} 27. Ne2 {[%clk 0:00:45]} Qf5
{[%clk 0:00:15]} 28. Rbb3 Qf6 {[%clk 0:00:14]} 29. Rh3 {[%clk 0:00:26]} e5
{[%clk 0:00:10]} 30. Qh6 {[%clk 0:00:08]} Qg7 {[%clk 0:00:11]} 31. Qh4
{[%clk 0:00:07]} exd4 {[%clk 0:00:11]} 32. Nxd4 {[%clk 0:00:07]} Rxc5
{[%clk 0:00:12]} 33. Rb1 {[%clk 0:00:06]} Rc8 {[%clk 0:00:13]} 34. Re1
{[%clk 0:00:05]} Nd6 {[%clk 0:00:13]} 35. Qg4 {[%clk 0:00:06]} Ne4
{[%clk 0:00:14]} 36. Qxd7 {[%clk 0:00:06]} Rf8 {[%clk 0:00:14]} 37. Qxd5
{[%clk 0:00:06]} Nc3 {[%clk 0:00:14]} 38. Qc4 {[%clk 0:00:07]} Rd8
{[%clk 0:00:09]} 39. Qxc3 {[%clk 0:00:07]} Qxd4 {[%clk 0:00:09]} 40. Qxd4
{[%clk 0:00:07]} Rxd4 {[%clk 0:00:11]} 41. Rhe3 {[%clk 0:00:08]} Kg7
{[%clk 0:00:12]} 42. Re4 {[%clk 0:00:09]} Rd3 {[%clk 0:00:13]} 43. h4
{[%clk 0:00:10]} 0-1

[Event "blitmenteam"]
[Site "?"]
[Date "2016.10.07"]
[Round "5.1"]
[White "Fedoseev, Vladimir"]
[Black "Savchenko, Boris"]
[Result "1-0"]
[LiveChessVersion "1.4.4"]
[BlackElo "2626"]
[WhiteElo "2702"]

1. d4 {[%clk 0:03:04]} Nf6 2. c4 e5 {[%clk 0:03:05]} 3. dxe5 {[%clk 0:03:06]} Ng4
{[%clk 0:03:06]} 4. Nf3 {[%clk 0:03:07]} Nc6 {[%clk 0:03:07]} 5. Nc3
{[%clk 0:03:07]} Ngxe5 {[%clk 0:03:07]} 6. Nxe5 Nxe5 {[%clk 0:03:08]} 7. e3
{[%clk 0:03:09]} Bb4 {[%clk 0:03:05]} 8. Bd2 {[%clk 0:03:10]} c6 {[%clk 0:03:02]}
9. Be2 {[%clk 0:03:11]} O-O {[%clk 0:03:01]} 10. O-O {[%clk 0:03:11]} Re8
{[%clk 0:03:01]} 11. f4 {[%clk 0:03:08]} Ng6 {[%clk 0:03:02]} 12. f5
{[%clk 0:03:09]} Ne5 {[%clk 0:03:02]} 13. f6 {[%clk 0:03:10]} g6 {[%clk 0:02:56]}
14. Qe1 {[%clk 0:03:09]} d5 {[%clk 0:02:55]} 15. cxd5 {[%clk 0:03:01]} cxd5
{[%clk 0:02:54]} 16. Rd1 {[%clk 0:03:02]} d4 {[%clk 0:02:49]} 17. Qh4
{[%clk 0:02:51]} Nc6 {[%clk 0:02:18]} 18. Nd5 {[%clk 0:02:29]} Qxd5
{[%clk 0:02:06]} 19. Bxb4 {[%clk 0:02:30]} h5 {[%clk 0:02:07]} 20. Bf3
{[%clk 0:02:05]} Qb5 {[%clk 0:01:09]} 21. Bxc6 bxc6 {[%clk 0:01:10]} 22. Rxd4
{[%clk 0:01:09]} c5 {[%clk 0:00:54]} 23. Qg5 {[%clk 0:01:08]} Ba6 24. Rf2
{[%clk 0:00:51]} Kh7 {[%clk 0:00:53]} 25. Bxc5 {[%clk 0:00:46]} Rad8
{[%clk 0:00:48]} 26. h4 {[%clk 0:00:37]} Rxd4 27. Bxd4 {[%clk 0:00:38]} Qxg5
{[%clk 0:00:42]} 28. hxg5 {[%clk 0:00:39]} Bb7 {[%clk 0:00:38]} 29. Rc2
{[%clk 0:00:38]} a6 {[%clk 0:00:38]} 30. Rc7 {[%clk 0:00:38]} Bd5
{[%clk 0:00:39]} 31. b3 {[%clk 0:00:39]} Be6 {[%clk 0:00:39]} 32. Ra7
{[%clk 0:00:37]} Rc8 {[%clk 0:00:39]} 33. Rxa6 {[%clk 0:00:37]} Rc2
{[%clk 0:00:39]} 34. Rxe6 {[%clk 0:00:37]} 1-0

[Event "blitmenteam"]
[Site "?"]
[Date "2016.10.07"]
[Round "5.2"]
[White "Bocharov, Dmitry"]
[Black "Chigaev, Maksim"]
[Result "1-0"]
[LiveChessVersion "1.4.4"]
[BlackElo "2563"]
[WhiteElo "2660"]

1. Nf3 {[%clk 0:03:03]} g6 {[%clk 0:03:03]} 2. g3 {[%clk 0:03:03]} Bg7
{[%clk 0:03:05]} 3. Bg2 {[%clk 0:03:04]} e5 {[%clk 0:03:06]} 4. O-O
{[%clk 0:03:01]} d5 {[%clk 0:03:06]} 5. c4 {[%clk 0:02:59]} dxc4 {[%clk 0:03:07]}
6. Na3 {[%clk 0:02:44]} Nc6 {[%clk 0:03:07]} 7. Nxc4 {[%clk 0:02:44]} Nge7
{[%clk 0:03:08]} 8. d3 O-O {[%clk 0:03:00]} 9. Rb1 {[%clk 0:02:33]} a5
{[%clk 0:02:43]} 10. b3 {[%clk 0:02:33]} Nd5 {[%clk 0:02:37]} 11. Bb2
{[%clk 0:02:29]} Re8 {[%clk 0:02:38]} 12. a3 {[%clk 0:02:26]} Nd4
{[%clk 0:02:21]} 13. Nfxe5 {[%clk 0:01:47]} Nb5 {[%clk 0:02:16]} 14. Qd2
{[%clk 0:01:33]} c6 {[%clk 0:02:15]} 15. a4 {[%clk 0:01:27]} Nd6 {[%clk 0:02:09]}
16. Nxd6 {[%clk 0:01:20]} Qxd6 {[%clk 0:02:10]} 17. Nc4 {[%clk 0:01:20]} Qb4
{[%clk 0:01:43]} 18. Qxb4 {[%clk 0:00:55]} Nxb4 {[%clk 0:01:44]} 19. Bxg7
{[%clk 0:00:49]} Kxg7 {[%clk 0:01:45]} 20. Rb2 {[%clk 0:00:46]} Be6
{[%clk 0:01:44]} 21. Rc1 {[%clk 0:00:41]} Bxc4 {[%clk 0:01:30]} 22. bxc4
{[%clk 0:00:36]} Rad8 {[%clk 0:01:28]} 23. Bf3 {[%clk 0:00:32]} f5
{[%clk 0:01:23]} 24. h4 {[%clk 0:00:32]} Kf6 {[%clk 0:01:23]} 25. Kg2
{[%clk 0:00:32]} Re5 {[%clk 0:01:21]} 26. Rd2 {[%clk 0:00:25]} Re7
{[%clk 0:00:57]} 27. d4 {[%clk 0:00:24]} c5 {[%clk 0:00:48]} 28. d5
{[%clk 0:00:25]} Ke5 {[%clk 0:00:43]} 29. e3 {[%clk 0:00:25]} Kd6
{[%clk 0:00:44]} 30. Rh1 {[%clk 0:00:23]} Rf8 {[%clk 0:00:39]} 31. Bd1
{[%clk 0:00:19]} b6 {[%clk 0:00:31]} 32. Bc2 {[%clk 0:00:18]} Na6
{[%clk 0:00:19]} 33. h5 {[%clk 0:00:17]} g5 {[%clk 0:00:21]} 34. h6
{[%clk 0:00:18]} f4 {[%clk 0:00:18]} 35. exf4 gxf4 {[%clk 0:00:19]} 36. g4
{[%clk 0:00:19]} Nb4 {[%clk 0:00:16]} 37. Bf5 {[%clk 0:00:17]} Ref7
{[%clk 0:00:04]} 38. Kf3 {[%clk 0:00:17]} Rxf5 {[%clk 0:00:04]} 39. gxf5
{[%clk 0:00:18]} Rxf5 {[%clk 0:00:06]} 40. Re2 {[%clk 0:00:17]} Rf6
{[%clk 0:00:07]} 41. Re6+ {[%clk 0:00:17]} Rxe6 {[%clk 0:00:08]} 42. dxe6 Kxe6
{[%clk 0:00:10]} 43. Rg1 {[%clk 0:00:19]} Nc2 {[%clk 0:00:08]} 44. Rg7
{[%clk 0:00:19]} Nd4+ {[%clk 0:00:10]} 45. Ke4 {[%clk 0:00:18]} Kf6
{[%clk 0:00:07]} 46. Rxh7 {[%clk 0:00:19]} Ne6 {[%clk 0:00:08]} 47. Rb7
{[%clk 0:00:18]} Ng5+ {[%clk 0:00:09]} 48. Kxf4 {[%clk 0:00:18]} Ne6+
{[%clk 0:00:09]} 49. Ke4 {[%clk 0:00:19]} Ng5+ {[%clk 0:00:09]} 50. Kd5
{[%clk 0:00:21]} Nh3 {[%clk 0:00:11]} 51. h7 {[%clk 0:00:20]} 1-0

[Event "blitmenteam"]
[Site "?"]
[Date "2016.10.07"]
[Round "5.3"]
[White "Predke, Alexandr"]
[Black "Evdokimov, Alexander A."]
[Result "1-0"]
[LiveChessVersion "1.4.4"]
[BlackElo "2524"]
[WhiteElo "2500"]

1. e4 {[%clk 0:03:02]} c6 {[%clk 0:03:03]} 2. Nc3 {[%clk 0:03:00]} d5
{[%clk 0:03:05]} 3. Nf3 {[%clk 0:03:01]} Bg4 {[%clk 0:03:06]} 4. h3
{[%clk 0:03:02]} Bxf3 5. Qxf3 {[%clk 0:03:03]} Nf6 {[%clk 0:03:08]} 6. Be2
{[%clk 0:03:03]} e6 {[%clk 0:03:04]} 7. O-O {[%clk 0:03:03]} dxe4
{[%clk 0:03:02]} 8. Nxe4 {[%clk 0:03:03]} Nxe4 {[%clk 0:03:02]} 9. Qxe4
{[%clk 0:03:04]} Be7 {[%clk 0:03:03]} 10. d4 {[%clk 0:02:57]} Nd7
{[%clk 0:02:54]} 11. c4 {[%clk 0:02:55]} O-O {[%clk 0:02:53]} 12. Be3
{[%clk 0:02:56]} Nf6 {[%clk 0:02:51]} 13. Qc2 {[%clk 0:02:47]} Qc7
{[%clk 0:02:48]} 14. Rfd1 {[%clk 0:02:46]} Rfd8 {[%clk 0:02:49]} 15. Bf3
{[%clk 0:02:41]} Rd7 {[%clk 0:02:47]} 16. a3 {[%clk 0:02:29]} Rad8
{[%clk 0:02:38]} 17. b4 {[%clk 0:02:27]} Ne8 {[%clk 0:01:47]} 18. Rac1
{[%clk 0:01:45]} a6 {[%clk 0:01:48]} 19. g3 {[%clk 0:01:40]} Bf6 {[%clk 0:01:45]}
20. d5 {[%clk 0:01:15]} cxd5 {[%clk 0:00:33]} 21. cxd5 {[%clk 0:01:16]} exd5
{[%clk 0:00:15]} 22. Qxc7 {[%clk 0:00:53]} Nxc7 {[%clk 0:00:16]} 23. Bb6
{[%clk 0:00:30]} Be5 {[%clk 0:00:18]} 24. Re1 {[%clk 0:00:24]} Bd6
{[%clk 0:00:19]} 25. Bg4 {[%clk 0:00:23]} g6 {[%clk 0:00:16]} 26. Bxd7
{[%clk 0:00:22]} Rxd7 {[%clk 0:00:17]} 27. Bxc7 Bxc7 {[%clk 0:00:18]} 28. Re8+
{[%clk 0:00:11]} Kg7 {[%clk 0:00:20]} 29. Rd1 {[%clk 0:00:10]} d4
{[%clk 0:00:21]} 30. Rd3 {[%clk 0:00:09]} Bb6 {[%clk 0:00:21]} 31. Kg2
{[%clk 0:00:09]} h5 {[%clk 0:00:22]} 32. h4 {[%clk 0:00:10]} Rc7 {[%clk 0:00:23]}
33. Kf3 {[%clk 0:00:08]} Rc6 {[%clk 0:00:22]} 34. Re7 {[%clk 0:00:08]} Rf6+
{[%clk 0:00:22]} 35. Ke2 {[%clk 0:00:09]} Re6+ {[%clk 0:00:22]} 36. Rxe6
{[%clk 0:00:10]} fxe6 {[%clk 0:00:24]} 37. Kf3 {[%clk 0:00:11]} Kf6
{[%clk 0:00:25]} 38. Ke4 {[%clk 0:00:13]} Ke7 {[%clk 0:00:26]} 39. Ke5
{[%clk 0:00:13]} Kf7 {[%clk 0:00:27]} 40. Rf3+ Ke7 41. a4 {[%clk 0:00:12]} Ba7
{[%clk 0:00:29]} 42. a5 {[%clk 0:00:13]} d3 {[%clk 0:00:29]} 43. Rxd3 Bxf2
{[%clk 0:00:31]} 44. Kf4 {[%clk 0:00:10]} Be1 {[%clk 0:00:32]} 45. Kg5
{[%clk 0:00:07]} Bxb4 {[%clk 0:00:32]} 46. Rb3 {[%clk 0:00:07]} Bxa5
{[%clk 0:00:33]} 47. Rxb7+ {[%clk 0:00:09]} Kd6 {[%clk 0:00:34]} 48. Kxg6
{[%clk 0:00:10]} Be1 {[%clk 0:00:36]} 49. Rb3 {[%clk 0:00:08]} a5
{[%clk 0:00:37]} 50. Kxh5 {[%clk 0:00:08]} Kc5 {[%clk 0:00:39]} 51. Re3
{[%clk 0:00:09]} Bb4 {[%clk 0:00:37]} 52. Rxe6 {[%clk 0:00:09]} a4
{[%clk 0:00:39]} 53. Kg6 {[%clk 0:00:08]} a3 {[%clk 0:00:40]} 54. Re2
{[%clk 0:00:05]} Kc4 {[%clk 0:00:40]} 55. h5 {[%clk 0:00:06]} Kb3
{[%clk 0:00:40]} 56. g4 {[%clk 0:00:07]} Bc3 {[%clk 0:00:41]} 57. h6
{[%clk 0:00:08]} Bb2 {[%clk 0:00:41]} 58. Re3+ {[%clk 0:00:09]} Bc3
{[%clk 0:00:42]} 59. Rxc3+ {[%clk 0:00:10]} a2 1-0

[Event "blitmenteam"]
[Site "?"]
[Date "2016.10.07"]
[Round "5.4"]
[White "Zablotsky, Sergei"]
[Black "Yuffa, Daniil"]
[Result "0-1"]
[LiveChessVersion "1.4.4"]
[BlackElo "2460"]
[WhiteElo "2519"]

1. d4 {[%clk 0:03:03]} Nf6 {[%clk 0:03:03]} 2. c4 g6 3. Nc3 {[%clk 0:03:05]} Bg7
{[%clk 0:03:07]} 4. e4 {[%clk 0:03:04]} d6 {[%clk 0:03:08]} 5. h3
{[%clk 0:03:04]} O-O {[%clk 0:03:08]} 6. Nf3 {[%clk 0:03:05]} e5 {[%clk 0:03:10]}
7. d5 {[%clk 0:03:06]} Nh5 {[%clk 0:03:11]} 8. g3 {[%clk 0:03:05]} Na6
{[%clk 0:03:12]} 9. a3 {[%clk 0:03:02]} Nc5 {[%clk 0:03:13]} 10. b4
{[%clk 0:02:57]} Nd7 {[%clk 0:03:14]} 11. Bg5 {[%clk 0:02:41]} f6
{[%clk 0:03:07]} 12. Be3 {[%clk 0:02:42]} a5 {[%clk 0:03:08]} 13. Be2
{[%clk 0:02:31]} f5 {[%clk 0:02:36]} 14. Ng5 {[%clk 0:02:15]} Nf4
{[%clk 0:02:14]} 15. h4 {[%clk 0:01:34]} Ng2+ {[%clk 0:02:05]} 16. Kf1
{[%clk 0:01:26]} Nxe3+ {[%clk 0:01:53]} 17. fxe3 {[%clk 0:01:27]} Nf6
{[%clk 0:01:43]} 18. Kg2 {[%clk 0:01:20]} Qe7 {[%clk 0:01:30]} 19. Qc2
{[%clk 0:00:57]} Bh6 {[%clk 0:01:08]} 20. Raf1 {[%clk 0:00:32]} axb4 21. axb4
{[%clk 0:00:32]} Ne8 {[%clk 0:00:54]} 22. Bd3 {[%clk 0:00:21]} Bxg5
{[%clk 0:00:45]} 23. hxg5 {[%clk 0:00:22]} Qxg5 {[%clk 0:00:44]} 24. exf5
{[%clk 0:00:09]} gxf5 {[%clk 0:00:45]} 25. Qe2 {[%clk 0:00:08]} Ng7
{[%clk 0:00:43]} 26. Rh4 {[%clk 0:00:05]} Rf6 {[%clk 0:00:25]} 27. Nb5
{[%clk 0:00:06]} Rg6 {[%clk 0:00:25]} 28. Rf3 0-1

[Event "blitmenteam"]
[Site "?"]
[Date "2016.10.07"]
[Round "5.6"]
[White "Romanov, Evgeny"]
[Black "Morozevich, Alexander"]
[Result "0-1"]
[LiveChessVersion "1.4.4"]
[BlackElo "2669"]
[WhiteElo "2518"]

1. c4 {[%clk 0:03:04]} b6 {[%clk 0:03:02]} 2. Nf3 {[%clk 0:03:03]} Bb7
{[%clk 0:03:03]} 3. d4 {[%clk 0:03:04]} e6 {[%clk 0:03:04]} 4. g3
{[%clk 0:03:05]} Bxf3 5. exf3 {[%clk 0:03:06]} Bb4+ {[%clk 0:03:02]} 6. Nd2
{[%clk 0:03:06]} Ne7 {[%clk 0:02:58]} 7. a3 {[%clk 0:03:03]} Bxd2+
{[%clk 0:02:59]} 8. Bxd2 {[%clk 0:03:04]} d5 {[%clk 0:03:00]} 9. b3
{[%clk 0:03:05]} O-O {[%clk 0:03:00]} 10. Bg2 {[%clk 0:03:04]} dxc4
{[%clk 0:02:52]} 11. bxc4 {[%clk 0:03:04]} Qxd4 {[%clk 0:02:51]} 12. O-O
{[%clk 0:02:48]} Nbc6 {[%clk 0:02:52]} 13. Qc2 {[%clk 0:02:43]} Qf6
{[%clk 0:02:48]} 14. f4 {[%clk 0:02:38]} Nd4 {[%clk 0:02:49]} 15. Qb1
{[%clk 0:02:30]} Rad8 {[%clk 0:02:50]} 16. Ra2 {[%clk 0:02:29]} Rd7
{[%clk 0:02:36]} 17. Be3 {[%clk 0:02:26]} Rfd8 {[%clk 0:02:33]} 18. a4
{[%clk 0:02:16]} Nef5 {[%clk 0:02:34]} 19. Bc1 {[%clk 0:02:11]} h5
{[%clk 0:02:15]} 20. a5 {[%clk 0:02:07]} Qg6 {[%clk 0:02:03]} 21. Be4
{[%clk 0:01:58]} h4 {[%clk 0:02:01]} 22. axb6 {[%clk 0:01:58]} cxb6
{[%clk 0:02:01]} 23. Ba3 {[%clk 0:01:45]} Qh5 {[%clk 0:01:53]} 24. c5
{[%clk 0:00:50]} Ne2+ {[%clk 0:01:36]} 25. Rxe2 {[%clk 0:00:20]} Qxe2
{[%clk 0:01:36]} 26. c6 {[%clk 0:00:21]} Rd1 {[%clk 0:01:37]} 0-1

[Event "blitmenteam"]
[Site "?"]
[Date "2016.10.07"]
[Round "5.7"]
[White "Popov, Ivan"]
[Black "Levin, Evgeny A."]
[Result "1-0"]
[LiveChessVersion "1.4.4"]
[BlackElo "2480"]
[WhiteElo "2606"]

1. e4 {[%clk 0:03:03]} d6 {[%clk 0:03:03]} 2. d4 {[%clk 0:03:04]} Nf6
{[%clk 0:03:04]} 3. Nc3 {[%clk 0:03:05]} c6 {[%clk 0:03:05]} 4. Nf3
{[%clk 0:03:00]} Bg4 {[%clk 0:03:05]} 5. Be2 {[%clk 0:02:59]} e6 {[%clk 0:03:05]}
6. O-O {[%clk 0:02:57]} d5 {[%clk 0:02:53]} 7. e5 {[%clk 0:02:41]} Nfd7
{[%clk 0:02:49]} 8. Ng5 {[%clk 0:02:34]} Bxe2 {[%clk 0:02:29]} 9. Qxe2
{[%clk 0:02:35]} Qe7 {[%clk 0:01:57]} 10. f4 {[%clk 0:02:30]} g6 {[%clk 0:01:46]}
11. a4 {[%clk 0:02:18]} Bg7 {[%clk 0:01:18]} 12. b3 {[%clk 0:02:18]} O-O
{[%clk 0:01:12]} 13. Ba3 {[%clk 0:02:02]} c5 {[%clk 0:01:13]} 14. dxc5
{[%clk 0:01:54]} Nxc5 {[%clk 0:01:06]} 15. Nb5 {[%clk 0:01:52]} Nba6
{[%clk 0:00:57]} 16. Rad1 {[%clk 0:01:23]} h6 {[%clk 0:00:39]} 17. Nf3
{[%clk 0:01:24]} Rfd8 {[%clk 0:00:40]} 18. Nfd4 {[%clk 0:01:15]} Qd7
{[%clk 0:00:31]} 19. c4 {[%clk 0:01:03]} Ne4 {[%clk 0:00:21]} 20. cxd5
{[%clk 0:00:59]} exd5 {[%clk 0:00:17]} 21. Rd3 {[%clk 0:00:35]} Nac5
{[%clk 0:00:12]} 22. Rh3 {[%clk 0:00:33]} Ne6 {[%clk 0:00:10]} 23. Nxe6
{[%clk 0:00:20]} fxe6 {[%clk 0:00:09]} 24. Nd6 {[%clk 0:00:17]} Nxd6
{[%clk 0:00:03]} 25. Bxd6 {[%clk 0:00:18]} Qf7 {[%clk 0:00:03]} 26. g4
{[%clk 0:00:08]} Rac8 {[%clk 0:00:03]} 27. Rhf3 {[%clk 0:00:07]} Re8
{[%clk 0:00:04]} 28. f5 {[%clk 0:00:08]} g5 {[%clk 0:00:04]} 29. f6
{[%clk 0:00:08]} Bf8 {[%clk 0:00:05]} 30. Bxf8 Rxf8 {[%clk 0:00:07]} 31. Qd3
{[%clk 0:00:08]} Rc6 {[%clk 0:00:08]} 32. R1f2 {[%clk 0:00:08]} Rfc8
{[%clk 0:00:09]} 33. Kg2 {[%clk 0:00:08]} 1-0